书目信息 |
| 题名: |
国家教师资格考试专用教材
|
|
| 作者: | ;山香教师资格考试命题研究中心 主编 | |
| 分册: | 思想政治学科知识与教学能力 | |
| 出版信息: | 北京 首都师范大学出版社 2020.6 |
|
| 页数: | 303页 | |
| 开本: | 29cm | |
| 丛书名: | ||
| 单 册: | ||
| 中图分类: | G451.1 , G633.202 | |
| 科图分类: | ||
| 主题词: | 教师--资格考试--教材 , 政治课--教学法--高中--资格考试--教材 | |
| 电子资源: | ||
| ISBN: | 978-7-5656-5472-5 | |
| 000 | 01141nam0 2200265 45 | |
| 001 | 012001003318 | |
| 005 | 20140909104446.0 | |
| 010 | @a978-7-5656-5472-5@dCNY56.00 | |
| 100 | @a20201106d2020 em y0chiy0110 ea | |
| 101 | 0 | @achi |
| 102 | @aCN@b110000 | |
| 105 | @aa z 000yy | |
| 106 | @ar | |
| 200 | 1 | @a国家教师资格考试专用教材@Aguo jia jiao shi zi ge kao shi zhuan yong jiao cai@i思想政治学科知识与教学能力@i高级中学@f山香教师资格考试命题研究中心主编 |
| 210 | @a北京@c首都师范大学出版社@d2020.6 | |
| 215 | @a303页@c图@d29cm | |
| 300 | @a教师资格考试备考全程规划 专用教材 系统复习 | |
| 330 | @a本书共分两部分。第一部分为“学科专业知识”,内容包括:经济生活、政治生活、文化生活、生活与哲学、法学知识、伦理学基础知识;第二部分为“学科教学能力”,内容包括:思想政治课教学设计、思想政治课的教学模式与教学方法等。 | |
| 606 | 0 | @a教师@x资格考试@j教材 |
| 606 | 0 | @a政治课@x教学法@x高中@x资格考试@j教材 |
| 690 | @aG451.1@v5 | |
| 690 | @aG633.202@v5 | |
| 711 | 02 | @a山香教师资格考试命题研究中心@Ashan xiang jiao shi zi ge kao shi ming ti yan jiu zhong xin@4主编 |
| 801 | @aCN@bAHXH@c20210922 | |
| 905 | @b1325550-4@dG451.1@e479@f5 | |
| 国家教师资格考试专用教材.思想政治学科知识与教学能力.高级中学/山香教师资格考试命题研究中心主编.-北京:首都师范大学出版社,2020.6 |
| 303页:图;29cm |
| 教师资格考试备考全程规划 专用教材 系统复习 |
| ISBN 978-7-5656-5472-5:CNY56.00 |
| 本书共分两部分。第一部分为“学科专业知识”,内容包括:经济生活、政治生活、文化生活、生活与哲学、法学知识、伦理学基础知识;第二部分为“学科教学能力”,内容包括:思想政治课教学设计、思想政治课的教学模式与教学方法等。 |
| ● |
| 相关链接 |
|
|
|
|
正题名:国家教师资格考试专用教材
索取号:G451.1/479
 
预约/预借
| 序号 | 登录号 | 条形码 | 馆藏地/架位号 | 状态 | 备注 |
| 1 | 1325550 | 213255500 | 第一样本阅览室/ [索取号:G451.1/479] | 在馆 | |
| 2 | 1325551 | 213255519 | 教育系资料室/ [索取号:G451.1/479] | 在馆 | |
| 3 | 1325552 | 213255528 | 教育系资料室/ [索取号:G451.1/479] | 在馆 | |
| 4 | 1325553 | 213255537 | 第四借阅区/ [索取号:G451.1/479] | 在馆 | |
| 5 | 1325554 | 213255546 | 第四借阅区/ [索取号:G451.1/479] | 在馆 |